LEADER 01275nas 2200421- 450 001 9910891695503321 005 20260218112203.0 035 $a(CKB)2520000000011351 035 $a(CONSER)--2022215875 035 $a(DE-599)ZDB3036104-7 035 $a(DE-599)3036104-7 035 $a(EXLCZ)992520000000011351 100 $a20220721a20049999 --- - 101 0 $ahun 181 $ctxt$2rdacontent 182 $cc$2rdamedia 183 $acr$2rdacarrier 200 00$aCivil szemle 210 1$aBudapest :$cÚj Mandátum Könyvkiadó 210 21$aBudapest :$cCivil Szemle Alapítvány 215 $a1 online resource 300 $aRefereed/Peer-reviewed 311 08$aPrint version: Civil szemle. (DLC) 2022215875 (OCoLC)1336937221 1786-3341 517 1 $aCivil society 531 $aCIV SZLE 531 $aCIV. SZLE 606 $aCivil society$vPeriodicals 606 $aNonprofit organizations$vPeriodicals 606 $aSocial sciences$vPeriodicals 607 $aHungary$xSocial conditions$y1989-$vPeriodicals 615 0$aCivil society 615 0$aNonprofit organizations 615 0$aSocial sciences 906 $aJOURNAL 912 $a9910891695503321 920 $aexl_impl conversion 996 $aCivil szemle$94255700 997 $aUNINA